| 000 | 00773cam a22002293a 4500 | ||
|---|---|---|---|
| 001 | 7347 | ||
| 003 | PGUSA | ||
| 005 | 20140828083143.0 | ||
| 008 | 050101s2005||||xxu|||||s|||||000 | eng d | ||
| 040 |
_aPGUSA _beng |
||
| 042 | _adc | ||
| 050 | 4 | _aE456 | |
| 245 | 1 | 4 |
_aThe Lincoln Story Book : _bA Judicious Collection of the Best Stories and Anecdotes of the Great President, Many Appearing Here for the First Time in Book Form _h[electronic resource] |
| 260 |
_bProject Gutenberg, _c2005 |
||
| 506 | _aPublic domain in the USA. | ||
| 516 | _aElectronic text | ||
| 653 | _aLincoln, Abraham, 1809-1865 -- Anecdotes | ||
| 700 | 1 |
_aWilliams, Henry Llewellyn, _d1842- |
|
| 830 | 0 |
_aProject Gutenberg _v7347 |
|
| 856 | 4 | 0 | _uhttp://www.gutenberg.org/ebooks/7347 |
| 942 | _cEB | ||
| 999 |
_c236667 _d236667 |
||